<?xml version="1.0" encoding="UTF-8"?>
<record
    xmlns:xsi="http://www.w3.org/2001/XMLSchema-instance"
    xsi:schemaLocation="http://www.loc.gov/MARC21/slim http://www.loc.gov/standards/marcxml/schema/MARC21slim.xsd"
    xmlns="http://www.loc.gov/MARC21/slim">

  <leader>01092nam a2200313ua 4500</leader>
  <controlfield tag="001">C01352199c-3</controlfield>
  <controlfield tag="003">CO-ViMGA</controlfield>
  <controlfield tag="005">20230915233136.0</controlfield>
  <controlfield tag="008">120706s2012    ck a   gr     00010 spa d</controlfield>
  <datafield tag="020" ind1=" " ind2=" ">
    <subfield code="a">9789587660142</subfield>
  </datafield>
  <datafield tag="040" ind1=" " ind2=" ">
    <subfield code="a">CO-ViMGA</subfield>
    <subfield code="b">spa</subfield>
    <subfield code="c">CO-ViMGA</subfield>
  </datafield>
  <datafield tag="082" ind1="0" ind2="4">
    <subfield code="a">609</subfield>
    <subfield code="2">21 ed.</subfield>
    <subfield code="b">W24i</subfield>
  </datafield>
  <datafield tag="100" ind1="1" ind2=" ">
    <subfield code="a">Weis, Roland.</subfield>
    <subfield code="9">3625</subfield>
  </datafield>
  <datafield tag="245" ind1="1" ind2="0">
    <subfield code="a">Inventos / </subfield>
    <subfield code="c">Roland Weis ; ilustraciones de Hauke Kock, Frank Kliemt ; traducci&#xF3;n Paula Botero, Olga Mart&#xED;n.</subfield>
  </datafield>
  <datafield tag="250" ind1=" " ind2=" ">
    <subfield code="a">Editor C&#xE9;sar A. Cardozo Tovar.</subfield>
  </datafield>
  <datafield tag="260" ind1="3" ind2=" ">
    <subfield code="a">Bogot&#xE1; : </subfield>
    <subfield code="b">Panamericana Editorial, </subfield>
    <subfield code="c">2012.</subfield>
  </datafield>
  <datafield tag="300" ind1=" " ind2=" ">
    <subfield code="a">48 p. ; </subfield>
    <subfield code="c">28 cm.</subfield>
  </datafield>
  <datafield tag="490" ind1="1" ind2=" ">
    <subfield code="a">C&#xF3;mo y por qu&#xE9;</subfield>
  </datafield>
  <datafield tag="500" ind1=" " ind2=" ">
    <subfield code="a">Incluye &#xED;ndice.</subfield>
  </datafield>
  <datafield tag="534" ind1=" " ind2=" ">
    <subfield code="p">T&#xED;tulo original. : </subfield>
    <subfield code="t">Erfindungen.</subfield>
  </datafield>
  <datafield tag="650" ind1="1" ind2="4">
    <subfield code="a">Historia de los inventos</subfield>
    <subfield code="v"> Literatura juvenil.</subfield>
    <subfield code="9">3626</subfield>
  </datafield>
  <datafield tag="650" ind1="1" ind2="4">
    <subfield code="a">Tecnolog&#xED;a</subfield>
    <subfield code="x"> Historia</subfield>
    <subfield code="v"> Literatura juvenil.</subfield>
    <subfield code="9">3627</subfield>
  </datafield>
  <datafield tag="700" ind1="1" ind2=" ">
    <subfield code="a">Botero, Paula, </subfield>
    <subfield code="e">tr.</subfield>
    <subfield code="9">3630</subfield>
  </datafield>
  <datafield tag="700" ind1="1" ind2=" ">
    <subfield code="a">Cardozo Tovar, C&#xE9;sar A., </subfield>
    <subfield code="e">ed.</subfield>
    <subfield code="9">3632</subfield>
  </datafield>
  <datafield tag="700" ind1="1" ind2=" ">
    <subfield code="a">Kliemt, Frank, </subfield>
    <subfield code="e">il.</subfield>
    <subfield code="9">3629</subfield>
  </datafield>
  <datafield tag="700" ind1="1" ind2=" ">
    <subfield code="a">Kock, Hauke, </subfield>
    <subfield code="e">il.</subfield>
    <subfield code="9">3628</subfield>
  </datafield>
  <datafield tag="700" ind1="1" ind2=" ">
    <subfield code="a">Mart&#xED;n, Olga, </subfield>
    <subfield code="e">tr.</subfield>
    <subfield code="9">3631</subfield>
  </datafield>
  <datafield tag="942" ind1=" " ind2=" ">
    <subfield code="2">ddc</subfield>
    <subfield code="c">BK</subfield>
  </datafield>
  <datafield tag="999" ind1=" " ind2=" ">
    <subfield code="c">35576</subfield>
    <subfield code="d">35576</subfield>
  </datafield>
  <datafield tag="952" ind1=" " ind2=" ">
    <subfield code="0">0</subfield>
    <subfield code="1">0</subfield>
    <subfield code="2">ddc</subfield>
    <subfield code="4">0</subfield>
    <subfield code="7">0</subfield>
    <subfield code="8">002</subfield>
    <subfield code="a">MEVIECAR</subfield>
    <subfield code="b">MEVIECAR</subfield>
    <subfield code="d">2016-08-12</subfield>
    <subfield code="l">0</subfield>
    <subfield code="o">609 W24i</subfield>
    <subfield code="p">30250</subfield>
    <subfield code="r">2018-09-07 00:00:00</subfield>
    <subfield code="t">Ej. 1</subfield>
    <subfield code="w">2016-08-12</subfield>
    <subfield code="y">BK</subfield>
  </datafield>
</record>
